Four Letter Words Ending in 'OT' Quiz Stats

 Plays Quiz Updated May 19, 2019

Score 0/29 Timer 04:00
4 Plays Today
Answer % Correct
CLOT
86.6%
SOOT
86%
SLOT
84.5%
BLOT
84.5%
BOOT
84.4%
MOOT
83.7%
LOOT
83.3%
SHOT
83.2%
ROOT
83.1%
HOOT
81.5%
FOOT
80.4%
TOOT
80%
COOT
79.2%
PLOT
78.6%
TROT
76.4%
Answer % Correct
SPOT
76.2%
SNOT
74.7%
POOT
66.7%
SCOT
62.4%
WOOT
57.7%
FLOT
55.1%
STOT
54.6%
GROT
53.5%
SWOT
49%
RIOT
43.4%
KNOT
27.9%
PHOT
19.8%
RYOT
17.9%
EYOT
6.7%

You're not logged in!

Compare scores with friends on all Sporcle quizzes.
OR
Log In

Sporcle TV

Today on Sporcle TV


Watch our educational content, quiz creation guides, and fun videos on Sporcle TV.

Show Comments

Extras

Top Quizzes Today


Score Distribution

Your Account Isn't Verified!

In order to create a playlist on Sporcle, you need to verify the email address you used during registration. Go to your Sporcle Settings to finish the process.

Report this User

Report this user for behavior that violates our Community Guidelines.

Details: